000 01528nam a2200373 c 4500
003 BLK
005 20180816100050.0
008 180409b bul|||||r ||||||| ||bul||
010 _aKNG00104531000
020 _a954-302-003-5
_bиздат.: Велес - на том(ч. 2)
040 _aBLK
041 _aRUS
_cRUS
080 _aРуски език
_b811.161.1
_x-5(075.3)
_z811.161.1-5(075.3)
080 _aРуски език - учебни предмети
_b373.3.016:811.161.1
_x(075.2)
_z373.3.016:811.161.1(075.2)
100 1 _aНенкова, Татяна Викторовна
_eпърви автор
_9366611
139 _aНенкова, Татяна Викторовна
_bН 54
245 1 0 _aПрактическая грамматика русского языка
_bЧ. 1 - 2
_cТатяна Викторовна Ненкова.
_nЧ. 2
_pСинтаксис
257 _aBGR
260 София
_c2002
_fСофия : Симолини 94
300 _c23 см
380 _a80
500 _aОфс. изд.
650 4 _aРуски език - граматика
_9252416
653 _aруски език
653 _aучебни помагала
653 _aграматика
653 _aсинтаксис
760 1 _3- на том(ч. 2)
_aНенкова, Татяна Викторовна
_dВелес, 2002
_h192 с.
_tЧ. 2 Синтаксис
852 _aЦб 213330
856 4 _qpdf
_u
856 4 _qpdf
_u
942 _cKNG
_n0
_01
944 _aCR
_c01.01.2002
_kВаля_Йорданова
944 _aED
_c21.02.2008
_k
999 _c99523
_d99523